• 首页
  • 本馆介绍
  • 公告通知
  • 最新文献
  • 馆藏检索
  • 电子资源
  • 读者导购
  • 参考咨询
  • 我的图书馆
  • 登录
  • 详细信息显示
  • 放入我的书架
  • 预约/预借图书
  • 作者相关作品
  • 分类相关作品
  • 丛书相关作品
  • 出版社相关作品

书目信息

  • 表格格式
  • 工作单格式
  • 卡片格式
题名:
罗纳尔多
    
 
作者: [加拿大]马可.帕多克 , [加拿大]帕多克 , [加拿大]帕多克 著€
分册:  
出版信息: 沈阳   辽宁教育出版社  1999.9
页数: 81页
开本: 32开
丛书名: 体育明星系列
单 册:
中图分类: K815.47-51
科图分类:
主题词: 罗纳尔多--生平事迹
电子资源:
ISBN: 7-5382-5594-X
000 00765nam0 2200241 45
001 0005261023
005 20031219104045.5
010    @a7-5382-5594-X@dCNY4.80
100    @a20000526d1999 km y0chiy0120 ea
101    @achi
105    @a z 000yy
200 1  @a罗纳尔多@f[加拿大]帕多克(Paddock,M.)著;周继明译@F[Jia Na Da]Pa Duo Ke(Paddock,M.)Zhu;Zhou Ji Ming Yi
210    @a沈阳@c辽宁教育出版社@d1999.9
215    @a81页@c冠图@d32开
225    @a体育明星系列
410    @12001 @a体育明星系列
606 0  @a罗纳尔多@x生平事迹
690    @aK815.47-51@v1
701    @a[加拿大]马可.帕多克@4著€@a周继明@4译
701  0 @a[加拿大]帕多克@4著
701  0 @a[加拿大]帕多克@bPaddock,M.@4著
801    @aCN@bTSTC@c20000526
905    @f5@b288959-963@dK815.47-51@e58:7
    
    罗纳尔多/[加拿大]帕多克(Paddock,M.)著;周继明译.-沈阳:辽宁教育出版社,1999.9
    81页:冠图;32开.-(体育明星系列)
    
    
    ISBN 7-5382-5594-X:CNY4.80
    
●
相关链接 在E读中查询图书 在五车中查询图书 在当当中查询图书 在豆瓣中查询图书


正题名:罗纳尔多     索取号:K815.47-51/58:7         预约/预借

序号 登录号 条形码 馆藏地/架位号 状态 备注
1 0288960   002889609   第二借阅区/ [索取号:K815.47-51/58:7] 在馆    
2 0288961   002889618   第二借阅区/ [索取号:K815.47-51/58:7] 在馆    
3 0288962   002889627   第二借阅区/ [索取号:K815.47-51/58:7] 在馆    
4 0288963   002889636   第二样本阅览室/ [索取号:K815.47-51/58:7] 在馆    
唐山师范学院图书馆 欢迎您!
大连网信软件有限公司© 版权所有